El mar y la serpiente / (Registro nro. 10150)

Detalles MARC
000 -LIDER
fixed length control field 00662cam a22002537a 4500
001 - NÚMERO DE CONTROL
Identificador de número de control 15789
003 - IDENTIFICACDOR DE NÚMERO DE CONTROL
control field DO-SdBNP
005 - DATE AND TIME OF LATEST TRANSACTION
control field 20180130150834.0
007 - CAMPOS FIJOS DE DESCRIPCIÓN FÍSICA
fixed length control field 15789
008 - ELEMENTOS DE LONGITUD FIJA
fixed length control field 051229s2005 ag 000 0 spa
010 ## - NUMERO DE CONTROL DE BIBLIOTECA DEL CONGRESO
LC control number 2006419030
020 ## - ISBN
International Standard Book Number 9875452114
040 ## - FUENTE DE CATALOGACIÓN
Agencia que crea de manera original el registro BPMUSU
Idioma de catalogación spa
Agencia que realiza la transcripción BPMSU
050 00 - NÚMERO DE CLASIFICACIÓN BIBLIOTECA DEL CONGRESO
Classification number
100 1# - ASIENTO PRINCIPAL -- NOMBRE PERSONAL
Nombre personal Bombara, Paula,
Fechas asociadas con el nombre 1972-
245 13 - MENCIÓN DE TITULO
Título El mar y la serpiente /
Mención de responsabilidad Paula Bombara.
260 ## - PUBLICACIÓN, DISTRIBUCIÓN, ETC. (PIE DE IMPRENTA)
Lugar de publicación, distribución, etc Buenos Aires :
Nombre del editor, distribuidor, etc. Grupo Editorial Norma,
Fecha de publicación, distribución, etc 2005.
300 ## - DESCRIPCIÓN FÍSICA
Extensión 105 p.
Dimensiones 21 cm.
490 1# - MENCIÓN DE SERIES
Mención de serie Zona libre
830 #0 - ASIENTO SECUNDARIO DE SERIE--TÍTULO UNIFORME
Título uniforme Zona libre
942 ## - ADDED ENTRY ELEMENTS (KOHA)
Source of classification or shelving scheme Dewey Decimal Classification
Koha item type Libros
945 ## - INFORMACIÓN DE PROCESAMIENTO LOCAL
Información de procesamiento local Inventariado, 2018 /LP
956 ## - LOCAL ELECTRONIC LOCATION AND ACCESS (OCLC)
Nombre de host VMATEO
Número de acceso 10
Información de compresión 20160517
Trayectoria BPMSU
Nombre Electrónico 0069
Existencias
Withdrawn status Lost status Source of classification or shelving scheme Damaged status Not for loan Collection code Home library Current library Date acquired Source of acquisition Total Checkouts Barcode Date last seen Price effective from Koha item type
    Dewey Decimal Classification     Colección General Biblioteca Pública Metropolitana Salomé Ureña Biblioteca Pública Metropolitana Salomé Ureña 05/17/2016 FUNDI   BPMSU16050361 05/17/2016 05/17/2016 Libros